Legal Draftsman: (Record no. 215996)

MARC details
000 -LEADER
fixed length control field 00648nam a22002057a 4500
005 - DATE AND TIME OF LATEST TRANSACTION
control field 20260428114720.0
010 ## - LCCN (DPL NO)
LC control number ENG-148353-354
020 ## - INTERNATIONAL STANDARD BOOK NUMBER
International Standard Book Number 9789349015623
Terms of availability 6995.00(Set of 2 Vols)
035 ## - SYSTEM CONTROL NUMBER
System control number EN-131885-886
037 ## - SOURCE OF ACQUISITION
Source of stock number/acquisition DBAD
082 ## - DEWEY DECIMAL CLASSIFICATION NUMBER
Classification number 347.93954
Edition number 16
100 ## - MAIN ENTRY--PERSONAL NAME
Personal name Hargopal
245 ## - TITLE STATEMENT
Title Legal Draftsman:
Remainder of title A Comprehensive Guide to Deeds and Documents/
Statement of responsibility, etc Hargopal
250 ## - EDITION STATEMENT
Edition statement 16
260 ## - PUBLICATION, DISTRIBUTION, ETC. (IMPRINT)
Place of publication, distribution, etc Gurgaon
Name of publisher, distributor, etc Lexis Nexis
Date of publication, distribution, etc 2026
270 ## - ADDRESS
Address 14th floor building no 10, tower-B, DLF cyber city, phase-II
City Gurgaon
Postal code 122002
300 ## - PHYSICAL DESCRIPTION
Extent lxviii,3363p.
Dimensions 25cm(hb)
490 ## - SERIES STATEMENT
Volume number/sequential designation 1,2
942 ## - ADDED ENTRY ELEMENTS (KOHA)
Source of classification or shelving scheme Dewey Decimal Classification
Item type English Books
Classification part 347.930954
Call number suffix HAR
Edition 1
Holdings
Withdrawn status Lost status Materials specified (bound volume or other part) Not for loan Collection code Home library Current library Date acquired Source of acquisition Cost, normal purchase price Full call number Barcode Copy number Cost, replacement price Koha item type
    VOL-1 Not For Loan Reference Sarojini Nagar Sarojini Nagar 28/04/2026 Delivery of Books Act Division 3498.00 347.930954 HAR EN-131885 1 3498.00 English Books
    VOL-2 Not For Loan Reference Sarojini Nagar Sarojini Nagar 28/04/2026 Delivery of Books Act Division 3498.00 347.930954 HAR EN-131886 1 3498.00 English Books

© Delhi Public Library
Hit Counter
free hit counter